Аналитический метод решения краевых задач

Bibliografische gegevens
Hoofdauteur: Якимов А. С. Анатолий Степанович
Coauteur: Национальный исследовательский Томский государственный университет (ТГУ)
Samenvatting:Излагается математическая технология решения линейных и нелинейных краевых задач. На базе методов квазилинеаризации, операционного исчисления и расщепления по пространственным переменным получены точные и приближённые аналитические решения уравнений в частных производных первого и второго порядка. Найдены условия однозначной разрешимости нелинейной краевой задачи и даётся оценка скорости сходимости итерационного процесса. На примере пробных функций приведены результаты сравнения аналитических решений, полученных по предложенной математической технологии, с точным решением краевых задач и с численными решениями по известным методам. Для научных работников и студентов старших курсов физико-математических специальностей.
Taal:Russisch
Gepubliceerd in: Томск, Изд-во Томского ун-та, 2011
Editie:2-е изд., доп.
Onderwerpen:
Formaat: MixedMaterials Boek
KOHA link:https://koha.lib.tpu.ru/cgi-bin/koha/opac-detail.pl?biblionumber=212000

MARC

LEADER 00000nam0a2200000 4500
001 212000
005 20231101225725.0
010 |a 9785751120214 
035 |a (RuTPU)RU\TPU\book\231620 
090 |a 212000 
100 |a 20120322d2011 km y0rusy50 ca 
101 0 |a rus 
102 |a RU 
105 |a y z 001zy 
200 1 |a Аналитический метод решения краевых задач  |f А. С. Якимов  |g Национальный исследовательский Томский государственный университет (ТГУ) 
205 |a 2-е изд., доп. 
210 |a Томск  |c Изд-во Томского ун-та  |d 2011 
215 |a 199 с.  |c ил. 
320 |a Библиогр.: с. 191-195. 
330 |a Излагается математическая технология решения линейных и нелинейных краевых задач. На базе методов квазилинеаризации, операционного исчисления и расщепления по пространственным переменным получены точные и приближённые аналитические решения уравнений в частных производных первого и второго порядка. Найдены условия однозначной разрешимости нелинейной краевой задачи и даётся оценка скорости сходимости итерационного процесса. На примере пробных функций приведены результаты сравнения аналитических решений, полученных по предложенной математической технологии, с точным решением краевых задач и с численными решениями по известным методам. Для научных работников и студентов старших курсов физико-математических специальностей. 
606 1 |a Краевые задачи  |2 stltpush  |3 (RuTPU)RU\TPU\subj\71464  |9 85364 
610 1 |a решение 
610 1 |a аналитический метод 
610 1 |a линейные краевые задачи 
610 1 |a нелинейные уравнения переноса 
610 1 |a нелинейные краевые задачи 
610 1 |a математическая физика 
610 1 |a уравнения в частных производных 
675 |a 517.9  |v 3 
700 1 |a Якимов  |b А. С.  |g Анатолий Степанович 
712 0 2 |a Национальный исследовательский Томский государственный университет (ТГУ)  |c (2009- )  |2 stltpush  |3 (RuTPU)RU\TPU\col\17230 
801 1 |a RU  |b 63413507  |c 20120322 
801 2 |a RU  |b 63413507  |c 20210623  |g RCR 
942 |c BK